四川省城市 - Statistics

General Stats
  • This quiz has been taken 32 times
  • The average score is 20 of 21
Answers on the Grid
Answers color-coded by a green-red scale on the quiz's grid according to % correct below.
成都
自贡
攀枝花
泸州
德阳
绵阳
广元
遂宁
内江
乐山
南充
眉山
宜宾
广安
达州
雅安
巴中
资阳
阿坝
甘孜
凉山
白城
白山
果洛
伊春
湛江
儋州
文昌
防城港
梧州
重庆
湖州
锦州
朔州
吕梁
徐州
池州
陇南
丽水
南平
抚州
萍乡
 
Answer Stats
Answer % Correct
攀枝花
100%
泸州
100%
德阳
100%
资阳
100%
成都
96%
绵阳
96%
南充
96%
达州
96%
巴中
96%
凉山
96%
广元
91%
内江
91%
乐山
91%
眉山
91%
宜宾
91%
广安
91%
阿坝
91%
自贡
87%
遂宁
87%
雅安
87%
甘孜
87%
No matching quizzes found
Score Distribution
Percent of People with Each Score
Percentile by Number Answered
Your Score History
You have not taken this quiz